The greedy fox = (Record no. 21902)

000 -LEADER
fixed length control field 00561nam a22001577a 4500
003 - CONTROL NUMBER IDENTIFIER
control field OSt
005 - DATE AND TIME OF LATEST TRANSACTION
control field 20260127134934.0
008 - FIXED-LENGTH DATA ELEMENTS--GENERAL INFORMATION
fixed length control field 260126b2023 xxu|a||| |||| 00| 0 eng d
020 ## - INTERNATIONAL STANDARD BOOK NUMBER
International Standard Book Number 9789055647385
040 ## - CATALOGING SOURCE
Transcribing agency csu
100 ## - MAIN ENTRY--PERSONAL NAME
Personal name Agbayani-Pastor, Boots S.,
Relator term author.
245 ## - TITLE STATEMENT
Title The greedy fox =
Remainder of title ang matakaw na tumanggong /
Statement of responsibility, etc Boots S. Agbayani-Pastor.
260 ## - PUBLICATION, DISTRIBUTION, ETC. (IMPRINT)
Place of publication, distribution, etc Lampara publishing, Inc. & precious pages corporation :
Name of publisher, distributor, etc [name of publisher not identified],
Date of publication, distribution, etc [date of publication not identified].
300 ## - PHYSICAL DESCRIPTION
Extent 15 pages :
Other physical details illustrations.
942 ## - ADDED ENTRY ELEMENTS (KOHA)
Source of classification or shelving scheme
Koha item type Books
Holdings
Price effective from Permanent Location Date last seen Not for loan Date acquired Source of classification or shelving scheme Koha item type Lost status Withdrawn status Copy number Source of acquisition Collection code Damaged status Barcode Shelving location Current Location Full call number
2026-01-23Cagayan State University - Carig Library2026-01-26 2026-01-26 Books  1DonationsChildren Section C000889Children SectionCagayan State University - Carig LibraryCS C889 Ag19 2023
2026-01-23Cagayan State University - Carig Library2026-01-26 2026-01-26 Books  2DonationsChildren Section C000890Children SectionCagayan State University - Carig LibraryCS C890 Ag19 2023
2026-01-20Cagayan State University - Carig Library2026-01-26 2026-01-26 Books  3DonationsChildren Section C000922Children SectionCagayan State University - Carig LibraryCS C922 Ag19

Cagayan State University University Library, Carig Campus
Tuguegarao City, Cagayan 3500 | www.csucarig.edu.ph

Powered by Koha